| 000 | 00758cam a22002413a 4500 | ||
|---|---|---|---|
| 001 | 21377 | ||
| 003 | PGUSA | ||
| 005 | 20140828083445.0 | ||
| 008 | 070508s2007||||xxu|||||s|||||000 1 eng d | ||
| 040 |
_aPGUSA _beng |
||
| 042 | _adc | ||
| 050 | 4 | _aPZ | |
| 100 | 1 |
_aFenn, George Manville, _d1831-1909 |
|
| 245 | 1 | 0 |
_aTo Win or to Die : _bA Tale of the Klondike Gold Craze _h[electronic resource] / _cGeorge Manville Fenn |
| 260 |
_bProject Gutenberg, _c2007 |
||
| 506 | _aPublic domain in the USA. | ||
| 516 | _aElectronic text | ||
| 653 | _aKlondike River Valley (Yukon) -- Gold discoveries -- Juvenile fiction | ||
| 700 | 1 |
_aHardy, Paul, _d1862- |
|
| 830 | 0 |
_aProject Gutenberg _v21377 |
|
| 856 | 4 | 0 | _uhttp://www.gutenberg.org/ebooks/21377 |
| 942 | _cEB | ||
| 999 |
_c250632 _d250632 |
||